000 00491nam a2200181Ia 4500
005 20250326125617.0
008 250326s9999 xx 000 0 und d
037 _aTextbook
040 _aFMSL
_beng
_cFMSL
041 _aeng
_2eng
084 _aY.56 L2
_qFMSL
100 _aNissel M
245 0 _aSocial trends No.3 1972
_cNissel M
260 _aLondon
_bLondon, Her Majesty's Stationery Office
_c1972
300 _a221p
942 _cTB
_hY.56 L2
999 _c1278793
_d1278793